000 00353nam a2200157Ia 4500
003 OSt
005 20240115103421.0
008 170524s9999 xx 000 0 und d
020 _a9788190222860
040 _cIIMT UNIVERSITY
100 _aSingh Anuraj
245 0 _aMachinacial Engineering
260 _bMacmillan
260 _c2008
942 _2ddc
_c02
999 _c5454
_d5454